| 000 | 00654cam a2200229 4500 | ||
|---|---|---|---|
| 001 | J88137 | ||
| 008 | 090401t1996 xxu||||| |||| 00| 0 eng d | ||
| 035 | _a(Sirsi) u82521 | ||
| 041 | _aeng | ||
| 050 | _a711.552 | ||
| 110 |
_aBritish Council of Shopping Centres _91982 |
||
| 245 | _aShopping centre progress 1996-97 | ||
| 260 |
_aLondon _bEstates Gazette _c1996 |
||
| 300 | _a134p. ; 30cm. | ||
| 350 | _a20 | ||
| 520 | _aPublished in Estates Gazette No 9645 9 November 1996. | ||
| 650 | _aSHOPPING CENTRE PROGRESS | ||
| 650 | _aSHOPPING CENTRES | ||
| 690 | _aPROPERTY-COMMERCIAL PROPERTY-RETAIL PROPERTY | ||
| 942 | _n0 | ||
| 948 | _c04/12/1997 | ||
| 999 |
_c96793 _d96793 |
||